000
00247nam a2200109Ia 4500
999
_c
8840
_d
8840
020
_a
978-0201543292
100
_a
C.J. Date
245
3
_a
An Introduction To Database Systems
260
_a
New Delhi
_b
Viva Books
_c
2002
300
_a
666
942
_c
BK